Reconstruction and development in Nigeria : (Record no. 5008)
[ view plain ]
| 000 -LEADER | |
|---|---|
| fixed length control field | 01191cam a2200289 4500 |
| 001 - CONTROL NUMBER | |
| control field | 5008 |
| 003 - CONTROL NUMBER IDENTIFIER | |
| rucl marc code | BD-RjUL |
| 005 - DATE AND TIME OF LATEST TRANSACTION | |
| control field | 20211208234007.0 |
| 008 - FIXED-LENGTH DATA ELEMENTS--GENERAL INFORMATION | |
| fixed length control field | 131224s1971 nr bs 100 0 eng |
| 035 ## - SYSTEM CONTROL NUMBER | |
| System control number | (BD-RjUL)5044 |
| 040 ## - CATALOGING SOURCE | |
| Original cataloging agency | DLC |
| Transcribing agency | DLC |
| Modifying agency | DLC |
| -- | BD-RjUL |
| Language of cataloging | eng |
| 041 ## - LANGUAGE CODE | |
| Language code of text/sound track or separate title | eng |
| 082 04 - DEWEY DECIMAL CLASSIFICATION NUMBER | |
| Edition number | 19 |
| Classification number | 338.9669 |
| Author mark and year | COR 1971 |
| 111 2# - MAIN ENTRY--MEETING NAME | |
| Meeting name or jurisdiction name as entry element | Conference on National Reconstruction and Development in Nigeria |
| Date of meeting | (1969 : |
| Location of meeting | University of Ibadan) |
| 9 (RLIN) | 15765 |
| 245 10 - TITLE STATEMENT | |
| Title | Reconstruction and development in Nigeria : |
| Remainder of title | Proceedings of a national conference / |
| Statement of responsibility, etc. | Edited by A. A. Ayida and H. M. A. Onitiri. |
| 260 ## - PUBLICATION, DISTRIBUTION, ETC. (IMPRINT) | |
| Place of publication, distribution, etc. | Ibadan : |
| Name of publisher, distributor, etc. | Published for the Nigerian Institute of Social and Economic Research [by] Oxford University Press, |
| Date of publication, distribution, etc. | 1971. |
| 300 ## - PHYSICAL DESCRIPTION | |
| Pagination | xviii, 768 p. ; |
| Size | 26 cm. |
| 504 ## - BIBLIOGRAPHY, ETC. NOTE | |
| Bibliography, etc | Includes bibliographical references. |
| 651 #0 - SUBJECT ADDED ENTRY--GEOGRAPHIC NAME | |
| Geographic name | Nigeria |
| General subdivision | Economic conditions |
| Chronological subdivision | 1970- |
| General subdivision | Congresses. |
| 9 (RLIN) | 15756 |
| Geographic name | Nigeria |
| General subdivision | Economic policy |
| -- | Congresses. |
| 9 (RLIN) | 15757 |
| Geographic name | Nigeria |
| General subdivision | Social conditions |
| -- | Congresses. |
| 9 (RLIN) | 15758 |
| 700 1# - ADDED ENTRY--PERSONAL NAME | |
| Personal name | Ayida, Allison A. |
| Fuller form of name | (Allison Akene), |
| Relator term | ed. |
| Personal name | Onitiri, H. M. A., |
| Relator term | ed. |
| 942 ## - ADDED ENTRY ELEMENTS (KOHA) | |
| Source of classification or shelving scheme | Dewey Decimal Classification |
| Koha item type | Books |
| Lost status | Source of classification or shelving scheme | Damaged status | Not for loan | Permanent Location | Current Location | Shelving location | Date acquired | Source of acquisition | Total Checkouts | Full call number | Date last seen | Copy number | Koha item type |
|---|---|---|---|---|---|---|---|---|---|---|---|---|---|
| Dewey Decimal Classification | Not For Loan | Central Library, University of Rajshahi | Central Library, University of Rajshahi | 14/03/1977 | Asia Foundation. | 338.9669 REC 1971 | 24/12/2013 | C-1 | Books |